| 000 | 01408cam a22002533a 4500 | ||
|---|---|---|---|
| 001 | 3707 | ||
| 003 | PGUSA | ||
| 005 | 20140828083037.0 | ||
| 008 | 030201s2003||||xxu|||||s|||||000 1 eng d | ||
| 040 |
_aPGUSA _beng |
||
| 042 | _adc | ||
| 050 | 4 | _aPS | |
| 100 | 1 |
_aHenry, O., _d1862-1910 |
|
| 245 | 1 | 4 |
_aThe Trimmed Lamp, and other stories of the Four Million _h[electronic resource] / _cO. Henry |
| 260 |
_bProject Gutenberg, _c2003 |
||
| 505 | 0 | _aThe trimmed lamp -- A Madison Square Arabian night -- The Rubaiyat of a Scotch highball -- The pendulum -- Two Thanksgiving day gentlemen -- The assessor of success -- The buyer from Cactus City -- The badge of policeman O'Roon -- Brickdust Row -- The making of a New Yorker -- Vanity and some sables -- The social triangle -- The purple dress -- The foreign policy of Company 99 -- The lost blend -- A Harlem tragedy -- "The guilty party"--An East side tragedy -- According to their lights -- A midsummer knight's dream -- The last leaf -- The count and the wedding guest -- The county of elusion -- The ferry of unfulfilment -- The tale of a tainted tenner -- Elsie in New York. | |
| 506 | _aPublic domain in the USA. | ||
| 516 | _aElectronic text | ||
| 653 | _aNew York (N.Y.) -- Social life and customs -- Fiction | ||
| 653 | _aShort stories | ||
| 830 | 0 |
_aProject Gutenberg _v3707 |
|
| 856 | 4 | 0 | _uhttp://www.gutenberg.org/ebooks/3707 |
| 942 | _cEB | ||
| 999 |
_c233036 _d233036 |
||